| 000 | 01069nam a2200337 a 4500 | ||
|---|---|---|---|
| 001 | 000110208 | ||
| 003 | CHAP | ||
| 005 | 20220329144122.0 | ||
| 008 | 140801s2013 it |r| ||||||spa d | ||
| 010 | _a106670 | ||
| 011 | _a107642 | ||
| 020 | _a9789253074617 | ||
| 040 | _cCHAP | ||
| 082 | 0 | 4 |
_a628.1 _bF218 |
| 245 | 1 | 0 |
_aPasaporte para integrar el género en los programas de agua : _bpreguntas clave para las intervenciones en el sector agrícola / _cpor Esther de Jong, Juan Antonio Sagardoy y Sisto Ilaria. |
| 260 |
_aRoma : _bFAO, _c2013. |
||
| 300 | _a61 p. | ||
| 590 |
_aE5995AHE _b05 _c20140801 _lUCH01 _h1147 |
||
| 590 |
_aE5995AHE _b05 _c20140801 _lUCH01 _h1156 |
||
| 650 | 1 | 4 |
_aAgua _xAbastecimiento. _92223 |
| 650 | 1 | 4 |
_aComunidades rurales. _926254 |
| 650 | 1 | 4 |
_aDesarrollo agrícola. _9125465 |
| 650 | 1 | 4 |
_aOrdenación de aguas. _983422 |
| 650 | 1 | 4 |
_aPapel de la mujer. _9125629 |
| 700 | 0 |
_aSagardoy, Juan A. _9101174 |
|
| 700 | 1 |
_aDe Jong, Esther _9127646 |
|
| 700 | 1 |
_aSisto, Ilaria _9127645 |
|
| 901 | _aBK | ||
| 942 | _cLIBRO | ||
| 942 | _n0 | ||
| 999 |
_c106670 _d106670 |
||